| 000 | 00521nam a22002057a 4500 | ||
|---|---|---|---|
| 003 | OSt | ||
| 005 | 20140310182929.0 | ||
| 008 | 130130t xxu||||| |||| 00| 0 eng d | ||
| 020 | _a9789712723957 | ||
| 050 |
_aDS686.616. _bSa237 2010 |
||
| 082 |
_aFIL 070.92 _bSa59c 2010 |
||
| 245 |
_aChino and his time _cVergel O. Santos. |
||
| 260 |
_aPasig City _bAnvil _cc2010 |
||
| 300 |
_a231 p. _bill. _c21 cm |
||
| 521 | _aCollege | ||
| 526 | _c1210L-1700L | ||
| 541 | _j1 | ||
| 562 | _e1 | ||
| 942 |
_2lcc _cBK _kFIL |
||
| 999 |
_c17492 _d17492 |
||